Constitución política de la República de Chile

সংরক্ষণ করুন:
গ্রন্থ-পঞ্জীর বিবরন
বিন্যাস: গ্রন্থ
ভাষা:স্প্যানিশ
প্রকাশিত: Santiago Jurídica 1996
বিষয়গুলি:
ট্যাগগুলো: ট্যাগ যুক্ত করুন
কোনো ট্যাগ নেই, প্রথমজন হিসাবে ট্যাগ করুন!

MARC

LEADER 00000nam a2200000 a 4500
001 UCP3233
003 CL-VaPUC
008 990611e19960000CL |||||||||||||||||spa|d
082 0 4 |a 342.83  |b CON  |2 21 
245 1 0 |a Constitución política de la República de Chile 
300 |a 102 p 
942 |c BK 
945 |d 19990611 00:00:00  |a lriquelm 
260 |a Santiago  |b Jurídica  |c 1996 
600 0 |a Congreso Nacional de Chile  |9 256491 
600 0 7 |a TRIBUNAL CONSTITUCIONAL  |2 CL-VaPUC  |9 257869 
600 0 7 |a CONTRALORIA GENERAL DE LA REPUBLICA  |2 CL-VaPUC  |9 255756 
600 0 7 |a CONSEJO DE SEGURIDAD NACIONAL  |2 CL-VaPUC  |9 256492 
600 0 7 |a BANCO CENTRAL DE CHILE  |2 CL-VaPUC  |9 315360 
650 0 |a Derecho constitucional   |9 222588 
650 0 |a Poder judicial  |9 254871 
650 0 |a Fuerzas Armadas  |9 255504 
650 0 |a Administración regional  |9 391177 
583 |a last modification  |c 20130925 07:22:14  |k Rodrigo Vera 
999 |c 281613  |d 281611 
952 |0 0  |1 0  |4 0  |6 342_830000000000000_CON_1996  |7 0  |8 A  |9 322482  |a BIBHIS  |b BIBHIS  |d 2019-11-20  |i 3417174  |o 342.83 CON 1996  |p 3417174  |r 2025-01-20  |w 2019-11-20  |y BK  |k HIS 
952 |0 0  |1 0  |4 0  |6 342_830000000000000_CON_1996  |7 0  |8 A  |9 322483  |a BIBHIS  |b BIBHIS  |d 2019-11-20  |i 3417182  |o 342.83 CON 1996  |p 3417182  |r 2025-01-20  |w 2019-11-20  |y BK  |k HIS 
952 |0 0  |1 0  |4 0  |6 342_830000000000000_CON_1996  |7 0  |8 A  |9 322484  |a BIBHIS  |b BIBHIS  |d 2019-11-20  |i 3417204  |o 342.83 CON 1996  |p 3417204  |r 2025-01-20  |w 2019-11-20  |y BK  |k HIS 
952 |0 0  |1 0  |4 0  |6 342_830000000000000_CON_1996  |7 0  |8 A  |9 322485  |a BIBHIS  |b BIBHIS  |d 2019-11-20  |i 3417212  |o 342.83 CON 1996  |p 3417212  |r 2025-01-20  |w 2019-11-20  |y BK  |k HIS 
952 |0 0  |1 0  |4 0  |6 342_830000000000000_CON_1996  |7 0  |8 A  |9 322486  |a BIBHIS  |b BIBHIS  |d 2019-11-20  |i 3417190  |o 342.83 CON 1996  |p 3417190  |r 2025-01-20  |w 2019-11-20  |y BK  |k HIS